000 00482nam a2200181Ia 4500
001 24626
005 20260414151056.0
008 260414t2018||||xx |||||||||||||| ||spa||
041 _aESP
082 _a345.721
_bB141 V. 52
100 _aCastro Zapata, Laura
_eAUT
245 0 _aArbitraje, concepto, contenido y formalidades del convenio arbitral V. 52
_b
260 _c2018
300 _a105 páginas :
_c24 cm.
650 _aDER
654 _aCDE
942 _cLIB
_dJUS
_fJUS
_2ddc
_n
999 _c24626
_d24626